000 00956nam a22003017a 4500
001 7879
003 FISKH
005 20250826135959.0
008 250813b cb ||||| |||| 00| 0 eng d
020 _a9780516265353
040 _aFISKH
_beng
_cFISKH
_dFISKH
050 _aQL391.A6 H56
082 _a592.64
100 _aHimmelman, John
_d(1959-)
245 _aAn earthworm's life /
_cWritten and Illustrated by John Himmelman
250 _aThis edition first published in 2000
260 _aNew York :
_bChildren,
_c2000
300 _a30 unnumbered pages :
_bcolor illustrations ;
_c21 x 25 cm
505 _aN
520 _aDescribes, in simple text and illustrations, the daily activities and life cycle of the earthworm.
521 8 _a590
_bLexile
521 8 _aN
_bRaz-Plus
650 _2Life science
_aNature
650 _2Life cycle
_aEarthworms
700 _aHimmelman, John
_dillustrator
942 _2ddc
_cBK
_n0
999 _c7879
_d7879